[Event "FICGS W-ch st1 gN 02 email"]
[Site "FICGS email"]
[Date "2023.07.04"]
[Round "1"]
[White "Bussoli, Marco"]
[Black "Osipov, Sergey Adolfovich"]
[Result "1/2-1/2"]
[WhiteElo "2289"]
[BlackElo "2242"]
[PlyCount "34"]
[EventDate "2023.??.??"]
[EventType "tourn (corr)"]
[EventRounds "1"]
[SourceTitle "Corr 2024"]
[Source "ChessBase"]
[SourceDate "2023.10.19"]
[SourceVersion "1"]
[SourceVersionDate "2023.10.19"]
[SourceQuality "1"]

1. e4 e5 2. Nf3 Nc6 3. Bb5 Nf6 4. 0-0 Nxe4 5. d4 Nd6 6. Bxc6 dxc6 7. dxe5 Nf5 8. Qxd8+ Kxd8 9. Nc3 Be7 10. Rd1+ Ke8 11. h3 h5 12. Bg5 Be6 13. b3 h4 14. Rd2 Rh5 15. Bxe7 Nxe7 16. Ne2 Ng6 17. Ned4 Nxe5 1/2-1/2

[Event "FICGS class M 000117 email"]
[Site "FICGS email"]
[Date "2023.02.01"]
[Round "1"]
[White "Duttagupta, Aniruddha"]
[Black "Osipov, Sergey Adolfovich"]
[Result "1/2-1/2"]
[WhiteElo "2233"]
[BlackElo "2286"]
[PlyCount "28"]
[EventDate "2023.??.??"]
[EventType "tourn (corr)"]
[EventRounds "6"]
[SourceTitle "Corr 2024"]
[Source "ChessBase"]
[SourceDate "2023.10.19"]
[SourceVersion "1"]
[SourceVersionDate "2023.10.19"]
[SourceQuality "1"]

1. d4 Nf6 2. Bg5 d5 3. e3 e6 4. Nd2 c5 5. c3 Bd6 6. Ngf3 h6 7. Bh4 Nbd7 8. Bd3 Qc7 9. Qe2 c4 10. Bc2 b5 11. e4 dxe4 12. Nxe4 Nxe4 13. Bxe4 Rb8 14. a3 0-0 1/2-1/2

[Event "FICGS rapid M 000140 email"]
[Site "FICGS email"]
[Date "2022.12.29"]
[Round "1"]
[White "Osipov, Sergey Adolfovich"]
[Black "Duttagupta, Aniruddha"]
[Result "1/2-1/2"]
[WhiteElo "2291"]
[BlackElo "2206"]
[PlyCount "59"]
[EventDate "2022.??.??"]
[EventType "tourn (rapid)"]
[EventRounds "6"]
[SourceTitle "Corr 2024"]
[Source "ChessBase"]
[SourceDate "2023.10.19"]
[SourceVersion "1"]
[SourceVersionDate "2023.10.19"]
[SourceQuality "1"]

1. e4 c6 2. d4 d5 3. e5 Bf5 4. Be2 e6 5. Nf3 c5 6. Be3 cxd4 7. Nxd4 Ne7 8. 0-0 Nbc6 9. Bb5 a6 10. Bxc6+ bxc6 11. c4 Qd7 12. Nc3 dxc4 13. Na4 Nd5 14. Nxf5 exf5 15. Rc1 c3 16. Qc2 cxb2 17. Qxb2 Be7 18. e6 fxe6 19. Qxg7 Bf6 20. Qg3 Qg7 21. Qd6 Qe7 22. Qxc6+ Kf7 23. Nb6 Nxe3 24. fxe3 Rab8 25. Rcd1 Rhd8 26. Nd7 Rbc8 27. Qxa6 Ra8 28. Qb7 Rxa2 29. e4 Ra1 30. exf5 1/2-1/2

[Event "FICGS rapid M 000140 email"]
[Site "FICGS email"]
[Date "2022.12.29"]
[Round "1"]
[White "Osipov, Sergey Adolfovich"]
[Black "Swiatek, Janusz"]
[Result "1/2-1/2"]
[WhiteElo "2291"]
[BlackElo "2204"]
[PlyCount "59"]
[EventDate "2022.??.??"]
[EventType "tourn (rapid)"]
[EventRounds "6"]
[SourceTitle "Corr 2024"]
[Source "ChessBase"]
[SourceDate "2023.10.19"]
[SourceVersion "1"]
[SourceVersionDate "2023.10.19"]
[SourceQuality "1"]

1. d4 d5 2. Nf3 Nf6 3. c4 dxc4 4. e3 a6 5. Bxc4 e6 6. 0-0 c5 7. dxc5 Bxc5 8. Qxd8+ Kxd8 9. Be2 Ke7 10. Nbd2 Bd7 11. b3 Bb5 12. Nc4 Nbd7 13. Bb2 Bxc4 14. Bxc4 Rhc8 15. h3 Bb4 16. a3 Bd6 17. Rfd1 Rc7 18. g4 h6 19. Rac1 Rac8 20. Be2 g6 21. Rxc7 Rxc7 22. Bd3 Nd5 23. b4 b5 24. Kf1 Rc8 25. Bg7 h5 26. g5 e5 27. Nd2 N7b6 28. Ke1 Rc3 29. Nb1 Rc8 30. Nd2 1/2-1/2

[Event "FICGS class M 000115 email"]
[Site "FICGS email"]
[Date "2022.12.26"]
[Round "1"]
[White "Duttagupta, Aniruddha"]
[Black "Osipov, Sergey Adolfovich"]
[Result "1/2-1/2"]
[WhiteElo "2206"]
[BlackElo "2291"]
[PlyCount "86"]
[EventDate "2022.??.??"]
[EventType "tourn (corr)"]
[EventRounds "6"]
[SourceTitle "Corr 2024"]
[Source "ChessBase"]
[SourceDate "2023.10.19"]
[SourceVersion "1"]
[SourceVersionDate "2023.10.19"]
[SourceQuality "1"]

1. e4 e5 2. Nf3 Nc6 3. Bb5 Nf6 4. 0-0 Nxe4 5. Re1 Nd6 6. Nxe5 Be7 7. Bf1 Nxe5 8. Rxe5 0-0 9. d4 Ne8 10. d5 Bc5 11. Re1 d6 12. Nc3 Bf5 13. Bd3 Qf6 14. Ne4 Bxe4 15. Rxe4 Qxf2+ 16. Kh1 Qf6 17. Rf4 Qe5 18. Bd2 g6 19. Qf3 Ng7 20. Bc3 Qe3 21. Qg4 f5 22. Qh4 Nh5 23. Rf3 Qh6 24. Re1 Rae8 25. Re6 Rxe6 26. dxe6 d5 27. Qe1 Ng7 28. Bd2 g5 29. e7 Re8 30. Bxf5 Rxe7 31. Qf1 Nxf5 32. Rxf5 Bd6 33. h3 Re5 34. Bc3 Rxf5 35. Qxf5 Qg6 36. Qxd5+ Kf8 37. Qxb7 Qxc2 38. Qxa7 Qb1+ 39. Qg1 Qxa2 40. Qf1+ Qf7 41. Qxf7+ Kxf7 42. Kg1 Ke6 43. Kf2 h5 1/2-1/2

[Event "FICGS rapid M 000138 email"]
[Site "FICGS email"]
[Date "2022.11.08"]
[Round "1"]
[White "Osipov, Sergey Adolfovich"]
[Black "Maceda, Coco"]
[Result "1/2-1/2"]
[WhiteElo "2291"]
[BlackElo "2235"]
[PlyCount "67"]
[EventDate "2022.??.??"]
[EventType "tourn (rapid)"]
[EventRounds "6"]
[SourceTitle "Corr 2024"]
[Source "ChessBase"]
[SourceDate "2023.10.19"]
[SourceVersion "1"]
[SourceVersionDate "2023.10.19"]
[SourceQuality "1"]

1. d4 d5 2. c4 e6 3. Nc3 Nf6 4. cxd5 exd5 5. Bg5 c6 6. e3 h6 7. Bh4 Be7 8. Qc2 0-0 9. Bd3 Re8 10. Nge2 Nbd7 11. 0-0 Nf8 12. Rab1 a5 13. h3 Nh5 14. Bxe7 Qxe7 15. Rbe1 Qd8 16. a3 Ne6 17. Qd2 b6 18. Rc1 Qe7 19. Na4 Rb8 20. Bf5 Ng5 21. Qd3 Bxf5 22. Qxf5 g6 23. Qc2 Rec8 24. Nac3 Ne6 25. Rcd1 Nf6 26. Nc1 Qd6 27. Qd2 c5 28. N1e2 b5 29. dxc5 Qxc5 30. Nd4 b4 31. axb4 axb4 32. Nce2 Nxd4 33. Qxd4 Qxd4 34. Nxd4 1/2-1/2

[Event "FICGS class M 000113 email"]
[Site "FICGS email"]
[Date "2022.11.08"]
[Round "1"]
[White "Osipov, Sergey Adolfovich"]
[Black "Wosch, Arkadiusz"]
[Result "1-0"]
[WhiteElo "2291"]
[BlackElo "2301"]
[PlyCount "37"]
[EventDate "2022.??.??"]
[EventType "tourn (corr)"]
[EventRounds "6"]
[SourceTitle "Corr 2024"]
[Source "ChessBase"]
[SourceDate "2023.10.19"]
[SourceVersion "1"]
[SourceVersionDate "2023.10.19"]
[SourceQuality "1"]

1. d4 d5 2. c4 dxc4 3. Nf3 Nf6 4. e3 e6 5. Bxc4 c5 6. 0-0 a6 7. b3 b5 8. Be2 Bb7 9. Bb2 Nbd7 10. Nbd2 cxd4 11. Nxd4 Be7 12. a4 bxa4 13. Bf3 Nd5 14. Nxe6 fxe6 15. Bxg7 Bf6 16. Bxd5 Bxd5 17. Bxh8 Bxh8 18. Rxa4 Qe7 19. Qe2 1-0

[Event "FICGS class M 000111 email"]
[Site "FICGS email"]
[Date "2022.10.26"]
[Round "1"]
[White "Wosch, Arkadiusz"]
[Black "Osipov, Sergey Adolfovich"]
[Result "1/2-1/2"]
[WhiteElo "2300"]
[BlackElo "2263"]
[PlyCount "62"]
[EventDate "2022.??.??"]
[EventType "tourn (corr)"]
[EventRounds "6"]
[SourceTitle "Corr 2024"]
[Source "ChessBase"]
[SourceDate "2023.10.19"]
[SourceVersion "1"]
[SourceVersionDate "2023.10.19"]
[SourceQuality "1"]

1. e4 c5 2. Nf3 d6 3. d4 cxd4 4. Nxd4 Nf6 5. Nc3 e5 6. Bb5+ Nbd7 7. Nf5 a6 8. Bxd7+ Qxd7 9. Bg5 Nxe4 10. Nxg7+ Bxg7 11. Nxe4 0-0 12. Qxd6 Qg4 13. Nf6+ Bxf6 14. Qxf6 Re8 15. 0-0 Bd7 16. h3 Qh5 17. Qh6 Qxh6 18. Bxh6 Bc6 19. Bd2 Rad8 20. Bc3 f6 21. f3 Kf7 22. Rf2 h5 23. Kh2 Rd5 24. Re1 Kg6 25. f4 exf4 26. Rxe8 Bxe8 27. Rxf4 Rf5 28. Rd4 Rf1 29. Kg3 Bc6 30. Rd2 Kg5 31. Re2 h4+ 1/2-1/2

[Event "FICGS rapid M 000126 email"]
[Site "FICGS email"]
[Date "2021.12.02"]
[Round "1"]
[White "Osipov, Sergey Adolfovich"]
[Black "Rodriguez Perez, Rene"]
[Result "1/2-1/2"]
[WhiteElo "2204"]
[BlackElo "2139"]
[PlyCount "97"]
[EventDate "2021.??.??"]
[EventType "tourn (rapid)"]
[EventRounds "6"]
[SourceTitle "Corr 2024"]
[Source "ChessBase"]
[SourceDate "2023.10.19"]
[SourceVersion "1"]
[SourceVersionDate "2023.10.19"]
[SourceQuality "1"]

1. e4 e5 2. Nf3 Nc6 3. Bb5 f5 4. d3 fxe4 5. dxe4 Nf6 6. 0-0 Bc5 7. Bxc6 bxc6 8. Nxe5 0-0 9. Nc3 d6 10. Na4 Qe8 11. Nd3 Bg4 12. Qe1 Bd4 13. c3 Bb6 14. Nf4 Bc8 15. Nxb6 axb6 16. f3 Ba6 17. Rf2 Bc4 18. a4 Bb3 19. Ne2 c5 20. Bg5 Nd7 21. Bh4 Bxa4 22. Bg3 Bb3 23. Rxa8 Qxa8 24. h3 Qa2 25. Qd2 Bf7 26. Rf1 Ra8 27. Re1 h6 28. Nc1 Qc4 29. Nd3 Qb5 30. Kh2 Bc4 31. Nf2 Ra2 32. Nd1 Kh7 33. e5 Nxe5 34. Bxe5 dxe5 35. Rxe5 Qc6 36. Ne3 Bf7 37. f4 Qd6 38. Qc2+ Bg6 39. Qe2 Bf7 40. Ng4 Ra1 41. Ne3 Rc1 42. Qf2 Rb1 43. Qc2+ Bg6 44. Qf2 c6 45. h4 Bf7 46. Qc2+ Bg6 47. Qf2 Bf7 48. Qc2+ Bg6 49. Qf2 1/2-1/2

[Event "FICGS rapid M 000125 email"]
[Site "FICGS email"]
[Date "2021.09.05"]
[Round "1"]
[White "Maceda, Coco"]
[Black "Osipov, Sergey Adolfovich"]
[Result "0-1"]
[WhiteElo "2207"]
[BlackElo "2212"]
[PlyCount "74"]
[EventDate "2021.??.??"]
[EventType "tourn (rapid)"]
[EventRounds "6"]
[SourceTitle "Corr 2024"]
[Source "ChessBase"]
[SourceDate "2023.10.19"]
[SourceVersion "1"]
[SourceVersionDate "2023.10.19"]
[SourceQuality "1"]

1. e4 Nf6 2. e5 Nd5 3. d4 d6 4. Nf3 dxe5 5. Nxe5 c6 6. Be2 Bf5 7. 0-0 Nd7 8. Nf3 e6 9. c4 N5f6 10. Bf4 Qb6 11. Qd2 Be7 12. Nc3 0-0 13. Rad1 a5 14. h3 h6 15. Rfe1 a4 16. a3 Rfe8 17. Bf1 Bf8 18. Re3 Bh7 19. Bg3 Bg6 20. Qc1 Bf5 21. Bh2 Bg6 22. Ne5 Nxe5 23. dxe5 Nh7 24. Bd3 Red8 25. Bxg6 fxg6 26. Ree1 Bc5 27. Ne4 Nf8 28. Kf1 Rxd1 29. Rxd1 Bd4 30. Rd2 c5 31. Qc2 Qb3 32. Qxb3 axb3 33. Nd6 Ra4 34. Nxb7 Nd7 35. Ke2 Nb6 36. Nd6 Nxc4 37. Nxc4 Rxc4 0-1

[Event "FICGS rapid M 000125 email"]
[Site "FICGS email"]
[Date "2021.09.05"]
[Round "1"]
[White "Osipov, Sergey Adolfovich"]
[Black "Rodriguez Perez, Rene"]
[Result "1/2-1/2"]
[WhiteElo "2212"]
[BlackElo "2122"]
[PlyCount "33"]
[EventDate "2021.??.??"]
[EventType "tourn (rapid)"]
[EventRounds "6"]
[SourceTitle "Corr 2024"]
[Source "ChessBase"]
[SourceDate "2023.10.19"]
[SourceVersion "1"]
[SourceVersionDate "2023.10.19"]
[SourceQuality "1"]

1. d4 f5 2. Bg5 h6 3. Bh4 g5 4. e3 Bg7 5. Bg3 c5 6. c3 Qb6 7. Nf3 d5 8. Nbd2 Nc6 9. a4 cxd4 10. cxd4 Nf6 11. Bb5 0-0 12. 0-0 Ne4 13. Bxc6 bxc6 14. Be5 Ba6 15. Re1 Rac8 16. Bxg7 Kxg7 17. Rc1 1/2-1/2

[Event "FICGS W-ch st2 g01 email"]
[Site "FICGS email"]
[Date "2021.07.13"]
[Round "1"]
[White "Perevozchikov, Vjacheslav"]
[Black "Osipov, Sergey Adolfovich"]
[Result "1/2-1/2"]
[WhiteElo "2270"]
[BlackElo "2143"]
[PlyCount "32"]
[EventDate "2021.??.??"]
[EventType "tourn (corr)"]
[EventRounds "8"]
[SourceTitle "Corr 2024"]
[Source "ChessBase"]
[SourceDate "2023.10.19"]
[SourceVersion "1"]
[SourceVersionDate "2023.10.19"]
[SourceQuality "1"]

1. d4 Nf6 2. c4 e6 3. Nf3 b6 4. a3 Bb7 5. Nc3 d5 6. Bf4 dxc4 7. e3 Nd5 8. Bxc4 Nxc3 9. bxc3 Bd6 10. Bg3 0-0 11. Bd3 c5 12. Bb1 cxd4 13. cxd4 Qc7 14. Ng5 h6 15. Bh7+ Kh8 16. Be4 Bxe4 1/2-1/2

[Event "FICGS class A 000247 email"]
[Site "FICGS email"]
[Date "2021.05.13"]
[Round "1"]
[White "Osipov, Sergey Adolfovich"]
[Black "Pech, Jaroslav Sr"]
[Result "1/2-1/2"]
[WhiteElo "2159"]
[BlackElo "2071"]
[PlyCount "86"]
[EventDate "2021.??.??"]
[EventType "tourn (corr)"]
[EventRounds "6"]
[SourceTitle "Corr 2024"]
[Source "ChessBase"]
[SourceDate "2023.10.19"]
[SourceVersion "1"]
[SourceVersionDate "2023.10.19"]
[SourceQuality "1"]

1. d4 Nf6 2. c4 e6 3. Nc3 Bb4 4. f3 d5 5. a3 Bxc3+ 6. bxc3 c5 7. cxd5 exd5 8. e3 0-0 9. Bd3 b6 10. Ne2 Ba6 11. 0-0 Re8 12. Ng3 Bxd3 13. Qxd3 Nc6 14. Bb2 c4 15. Qd2 b5 16. Rae1 Re6 17. Bc1 a5 18. e4 b4 19. e5 bxc3 20. Qxc3 Ne8 21. f4 Re7 22. Kh1 Rb8 23. f5 f6 24. Nh5 Rb3 25. Qd2 Rf7 26. g4 h6 27. Qf2 a4 28. e6 Rfb7 29. Qg2 Rd3 30. Nxg7 Nxg7 31. Bxh6 c3 32. g5 Rd2 33. Re2 Rxe2 34. Qxe2 Nxd4 35. Qd3 c2 36. Bxg7 Qc8 37. Rc1 Rb1 38. Qh3 Rxc1+ 39. Kg2 Rg1+ 40. Kf2 Rf1+ 41. Kg2 Rg1+ 42. Kf2 Rf1+ 43. Kg2 Rg1+ 1/2-1/2